[Event "1st Samba Cup"]
[Site "Skanderborg DEN"]
[Date "2003.10.11"]
[Round "2"]
[White "Palo,D"]
[Black "Hansen,Cu"]
[Result "1/2-1/2"]
[WhiteElo "2510"]
[BlackElo "2616"]

1.d4 Nf6 2.c4 g6 3.Nc3 d5 4.cxd5 Nxd5 5.e4 Nxc3 6.bxc3 Bg7 7.Nf3 c5 8.Be3 Qa5
9.Qd2 Nc6 10.Rb1 O-O 11.Rb5 cxd4 12.Rxa5 dxe3 13.Qxe3 Nxa5 14.Nd4 Bd7 15.Be2 Rfc8
16.O-O Nc4 17.Qg5 Bf6 18.Qd5 Nb6 19.Qxb7 Rxc3 20.Nb5 Rc2 21.Bd3 Rxa2 22.Nxa7 Bd4
23.Nc6 Bxc6 24.Qxc6 Rd2 25.Qb5 e5 26.h4 Kg7 27.h5 Raa2 28.Kh2 gxh5 29.Bb1 Rab2
30.Qe8 h6 31.Qe7 Rxf2 32.Rxf2 Rxf2 33.Qh4 Nd7 34.Qxh5 Nf6 35.Qh3 Rf4 36.Qg3+ Ng4+
37.Kh3 h5 38.Bc2 Kh6 39.Qb3 Ne3 40.Bd3 Rf2 41.Qa3 Kg7 42.Qe7 Rf6  1/2-1/2

[Event "YM"]
[Site "Zug SUI"]
[Date "2003.10.12"]
[Round "6"]
[White "Bromberger,S"]
[Black "Flumbort,A"]
[Result "1/2-1/2"]
[WhiteElo "2448"]
[BlackElo "2467"]

1.d4 Nf6 2.c4 g6 3.Nc3 d5 4.cxd5 Nxd5 5.e4 Nxc3 6.bxc3 Bg7 7.Be3 c5 8.Qd2 Qa5
9.Nf3 O-O 10.Rc1 Rd8 11.d5 e6 12.c4 Qxd2+ 13.Nxd2 b6 14.Be2 Na6 15.O-O Nb4
16.a3 Na2 17.Rc2 Nc3 18.Bf3 exd5 19.cxd5 Ba6 20.Rfc1 Ne2+ 21.Bxe2 Bxe2 22.f3 Bd3
23.a4 Bxc2 24.Rxc2 Bd4 25.Kf2 Rac8 26.Nc4 f6 27.Ke2 Bxe3 28.Kxe3 Rb8 29.Rb2 Rd7
30.Kd3 Rdb7 31.Nd6 Rd7 32.Nc4 Rdb7 33.Nd6 Rd7  1/2-1/2

[Event "YM"]
[Site "Zug SUI"]
[Date "2003.10.12"]
[Round "6"]
[White "Van Beek,L"]
[Black "Papa,S"]
[Result "1/2-1/2"]
[WhiteElo "2336"]
[BlackElo "2401"]

1.d4 Nf6 2.c4 g6 3.Nc3 d5 4.cxd5 Nxd5 5.e4 Nxc3 6.bxc3 Bg7 7.Be3 c5 8.Qd2 Qa5
9.Rb1 b6 10.Rc1 Ba6 11.Bxa6 Qxa6 12.h4 Nc6 13.e5 Rd8 14.f4 f6 15.Qe2 Qxe2+
16.Nxe2 cxd4 17.cxd4 Nb4 18.O-O Nd5 19.Bd2 Kd7 20.Nc3 Nxc3 21.Rxc3 Rc8 22.Rfc1 Rxc3
23.Rxc3 e6 24.Kf2 Rc8  1/2-1/2

[Event "300 Years"]
[Site "St Petersburg RUS"]
[Date "2003.10.18"]
[Round "1"]
[White "Smirnov,Ar"]
[Black "Vorobiov,E"]
[Result "1/2-1/2"]
[WhiteElo "2358"]
[BlackElo "2556"]

1.d4 Nf6 2.c4 g6 3.Nc3 d5 4.cxd5 Nxd5 5.e4 Nxc3 6.bxc3 Bg7 7.Qa4+ Nd7 8.Nf3 O-O
9.Be2 c5 10.O-O Nb6 11.Qa3 cxd4 12.cxd4 Bg4 13.Bg5 Bxf3 14.Bxf3 Qxd4 15.Rad1 Qe5
16.Bxe7 Rfe8 17.Bh4 Qc3 18.Qxc3 Bxc3 19.Rd3 Bg7 20.Rc1 Rac8 21.Rxc8 Rxc8
22.Bd1 Nc4 23.Rd8+ Rxd8 24.Bxd8 Bd4 25.Bg5 b5 26.Kf1 a5 27.Ke2 a4 28.Bxa4 bxa4
29.Kd3 Bxf2 30.Kxc4 f5 31.e5 Kf7 32.Kd5 Bb6 33.e6+ Ke8 34.Bd2 Bd8 35.Bb4 Bf6
36.Kc4 g5 37.Kb5 Be5 38.h3 g4 39.hxg4 fxg4 40.Kc6 h5 41.Be1 g3 42.Bd2 h4
43.Be3 Bf6 44.Kd5 Be7 45.Ke5 Kf8 46.Kf5 Ke8 47.Kg4 Kf8 48.Bh6+ Ke8 49.Bg7 Kd8
50.Bd4  1/2-1/2

[Event "TCh-BEL 2003-4"]
[Site "Belgium BEL"]
[Date "2003.10.19"]
[Round "2"]
[White "Defize,A"]
[Black "Popovic,Pe"]
[Result "1/2-1/2"]
[WhiteElo "2276"]
[BlackElo "2503"]

1.d4 Nf6 2.c4 g6 3.Nc3 d5 4.cxd5 Nxd5 5.e4 Nxc3 6.bxc3 Bg7 7.Bc4 O-O 8.Ne2 Nc6
9.O-O e5 10.Ba3 Re8 11.Bxf7+ Kxf7 12.Qb3+ Be6 13.d5 Na5  1/2-1/2

[Event "300 Years"]
[Site "St Petersburg RUS"]
[Date "2003.10.20"]
[Round "3"]
[White "Pliasunov,A"]
[Black "Neverov,V"]
[Result "1/2-1/2"]
[WhiteElo "2389"]
[BlackElo "2550"]

1.d4 Nf6 2.c4 g6 3.Nc3 d5 4.cxd5 Nxd5 5.e4 Nxc3 6.bxc3 Bg7 7.Qa4+ Nd7 8.Bg5 O-O
9.Rd1 c5 10.Qa3 Qc7 11.Nf3 b6 12.Bd3 Bb7 13.O-O e6 14.Rfe1 a6 15.e5 Rfc8
16.Be4 Bxe4 17.Rxe4 b5 18.h4 cxd4 19.cxd4 Nb6 20.h5 Qc3 21.Qxc3 Rxc3 22.hxg6 hxg6
23.Rh4 Rac8 24.Nh2 Nd5 25.Ng4 Rc2 26.g3 Rxa2 27.Kg2 Rcc2 28.Rdh1 Kf8 29.Rh8+ Bxh8
30.Rxh8+ Kg7 31.Rd8 b4 32.Kg1 Ra1+ 33.Kg2 Raa2 34.Kg1 Ra1+ 35.Kg2  1/2-1/2

[Event "300 Years"]
[Site "St Petersburg RUS"]
[Date "2003.10.21"]
[Round "4"]
[White "Vorobiov,E"]
[Black "Andreeva,N"]
[Result "1-0"]
[WhiteElo "2556"]
[BlackElo "2285"]

1.d4 Nf6 2.c4 g6 3.Nc3 d5 4.cxd5 Nxd5 5.e4 Nxc3 6.bxc3 Bg7 7.Qa4+ c6 8.Nf3 O-O
9.Be2 Nd7 10.O-O e5 11.Bg5 Qe8 12.Qc2 exd4 13.cxd4 Nf6 14.Bd3 Bg4 15.Ne5 Be6
16.Rab1 Qc8 17.Nc4 Bxc4 18.Bxc4 b5 19.e5 Nd7 20.Be2 Nb6 21.Rbc1 Qd7 22.Qxc6 Qxd4
23.e6 fxe6 24.Qxe6+ Kh8 25.Bxb5 Rab8 26.Bc6 Qb2 27.a4 Rf5 28.Be3 Qa3 29.Qe4 Re5
30.Qg4 Rf5 31.Rfd1 Rbf8 32.h3 Qe7 33.Rc2 Qa3 34.Rdc1 Qb3 35.Rc5 Qb2 36.a5 Rxc5
37.Rxc5 Nc8 38.Qe6 Bf6 39.Be4 Ne7 40.g4 Qa1+ 41.Kg2 Ng8 42.g5 Bg7 43.a6 Qa4
44.Rc4 Qb5 45.Rc8  1-0

[Event "Classics II IM"]
[Site "Gausdal NOR"]
[Date "2003.10.22"]
[Round "2"]
[White "Nordahl,H"]
[Black "Valaker,O"]
[Result "1-0"]
[WhiteElo "2313"]
[BlackElo "2208"]

1.d4 Nf6 2.c4 g6 3.Nc3 d5 4.cxd5 Nxd5 5.e4 Nxc3 6.bxc3 Bg7 7.Be3 O-O 8.Nf3 c5
9.Qd2 Qa5 10.Rb1 a6 11.Rc1 cxd4 12.cxd4 Qxd2+ 13.Nxd2 Nc6 14.Nb3 e6 15.Be2 Rd8
16.Rc4 Bd7 17.O-O b5 18.Rcc1 Be8 19.Rfd1 h6 20.h4 f5 21.exf5 exf5 22.Bf3 Rac8
23.d5 Ne5 24.Rxc8 Nxf3+ 25.gxf3 Rxc8 26.d6 Bc6 27.Bb6 Bf6 28.d7 Bxd7 29.Rxd7 Rc2
30.Bd8 Bc3 31.Rc7 b4 32.Bf6 Rxa2 33.Bxc3 bxc3 34.Rxc3 Ra4 35.h5 gxh5 36.Rc5 Rf4
37.Kg2 h4 38.Nc1 h3+ 39.Kxh3 Rxf3+ 40.Kg2 Rf4 41.Ne2 Rg4+ 42.Kf3 Kg7 43.Ra5 Rg6
44.Ng3 Rb6 45.Nxf5+ Kf7 46.Kg4 Kg6 47.Nh4+ Kf6 48.f4 Kg7 49.Kf5 Kf7 50.Rc5 Rf6+
51.Ke5 Re6+ 52.Kd5 Rb6 53.Rc7+ Kg8 54.Ra7 h5 55.Ke5 Kf8 56.f5 Ke8 57.f6  1-0

[Event "21st Muensterland Open"]
[Site "Senden GER"]
[Date "2003.10.22"]
[Round "7"]
[White "Farago,I"]
[Black "Holzke,F"]
[Result "1/2-1/2"]
[WhiteElo "2485"]
[BlackElo "2471"]

1.d4 Nf6 2.c4 g6 3.Nc3 d5 4.cxd5 Nxd5 5.e4 Nxc3 6.bxc3 Bg7 7.Bc4 c5 8.Ne2 Nc6
9.Be3 O-O 10.O-O Bg4 11.f3 Na5 12.Bxf7+ Rxf7 13.fxg4 Rxf1+ 14.Kxf1 cxd4 15.cxd4 e5
16.Kg1 Rc8 17.Rb1 b6 18.dxe5 Bxe5 19.Bf4 Nc4 20.h3 Bxf4 21.Qxd8+ Rxd8 22.Nxf4 Rd4
23.Nd5 Nd2 24.Re1 Nxe4 25.Ne7+ Kg7 26.Nc6 Ra4 27.Nxa7 Rxa7 28.Rxe4 Rxa2 29.Re7+ Kg8
30.Rb7 Rb2 31.Rb8+ Kg7 32.Rb7+ Kg8 33.Rb8+  1/2-1/2

[Event "21st Muensterland Open"]
[Site "Senden GER"]
[Date "2003.10.24"]
[Round "9"]
[White "Lehmann,Ho"]
[Black "Seel,C"]
[Result "1/2-1/2"]
[WhiteElo "2208"]
[BlackElo "2315"]

1.d4 Nf6 2.c4 g6 3.Nc3 d5 4.cxd5 Nxd5 5.e4 Nxc3 6.bxc3 Bg7 7.Bc4 c5 8.Ne2 Nc6
9.Be3 cxd4 10.cxd4 Qa5+ 11.Bd2 Qh5 12.d5 Ne5 13.Bb5+ Bd7 14.Bxd7+ Nxd7 15.Rb1 Qg4
16.O-O Qxe4 17.d6 exd6 18.Nc3 Qc6 19.Re1+ Kf8 20.Qe2 Kg8 21.Nb5 a6 22.Na7 Qc7
23.Qf3 Nc5 24.Bb4 Ne6 25.Rec1 Qd7 26.Bxd6 Qxd6 27.Rxb7 Rf8 28.Nc8 Nd4 29.Qd5 Ne2+
30.Kf1 Qa3 31.Ne7+ Qxe7 32.Rxe7 Nxc1 33.Rc7 Bh6 34.g3 Nxa2 35.Qxa2 Bg5 36.Rc5 Bf6
37.Rc6 Kg7 38.Rxa6 Rc8 39.Ra7 Rhf8 40.Kg2 Bd4 41.Rd7 Bf6 42.Qd5 Rc2 43.h4 h5
44.Qb3 Re2 45.Qc4 Re7  1/2-1/2

[Event "WYb14"]
[Site "Halkidiki GRE"]
[Date "2003.10.25"]
[Round "3"]
[White "Gupta,Ab"]
[Black "Lapcevic,M"]
[Result "1-0"]
[WhiteElo "2294"]
[BlackElo "2119"]

1.d4 Nf6 2.c4 g6 3.Nc3 d5 4.cxd5 Nxd5 5.e4 Nxc3 6.bxc3 Bg7 7.Bc4 c5 8.Ne2 Nc6
9.Be3 cxd4 10.cxd4 O-O 11.O-O Bg4 12.f3 Na5 13.Bd3 Be6 14.d5 Bxa1 15.Qxa1 f6
16.Bh6 Re8 17.Kh1 Rc8 18.Nf4 Bd7 19.e5 Nc4 20.e6 Ba4 21.Qe1 Ne5 22.Be4 Bc2
23.h4 Qd6 24.h5 Bxe4 25.fxe4 Qa6 26.Rg1 Qa3 27.Nh3 Rc2 28.Bf4 Qc3 29.Qh4 Nf3
30.Qg4 Nxg1 31.Nxg1 Kg7 32.Nf3 Rc8 33.e5 Qd3 34.exf6+ exf6 35.d6 R8c5 36.h6+ Kg8
37.Be5 fxe5 38.e7 Qf1+ 39.Kh2 Qxg2+ 40.Qxg2 Rxg2+ 41.Kxg2 Kf7 42.Ng5+ Ke8
43.Nxh7 Rc2+ 44.Kg3 Rc3+ 45.Kg4 Rc4+ 46.Kg5 Rf4 47.Nf6+ Rxf6 48.Kxf6  1-0

[Event "WYb14"]
[Site "Halkidiki GRE"]
[Date "2003.10.25"]
[Round "3"]
[White "Vedrickas,T"]
[Black "Sanikidze,T"]
[Result "0-1"]
[WhiteElo "1952"]
[BlackElo "2269"]

1.d4 Nf6 2.c4 g6 3.Nc3 d5 4.cxd5 Nxd5 5.e4 Nxc3 6.bxc3 Bg7 7.Bc4 c5 8.Ne2 O-O
9.O-O cxd4 10.cxd4 Nc6 11.Be3 Bg4 12.f3 Na5 13.Bxf7+ Rxf7 14.fxg4 Rxf1+ 15.Kxf1 e5
16.d5 Nc4 17.Qb3 b5 18.Kg1 Qd7 19.h3 Rc8 20.Rc1 a5 21.Qd3 Bf8 22.Kh2 Be7
23.Ng1 Nd6 24.Nf3 Bf6 25.Rc5 Rxc5 26.Bxc5 Nb7 27.Bb6 a4 28.Qc3 Nd6 29.Qd3 Qc8
30.Nd2 Bg5 31.Be3 Be7 32.Bf2 b4 33.Qg3 Qc3 34.Be1 Bg5 35.Nb1 Qc1 36.Bd2 Bxd2
37.Nxd2 Qxd2 38.Qxe5 Nf7 39.Qe8+ Kg7 40.Qxa4 Qf4+ 41.Kh1 Qxe4 42.Qa5 Kh6
43.Qc5 Qe1+ 44.Kh2 Kg7 45.Qc6 Qe5+ 46.Kh1 Qa1+ 47.Kh2 Qxa2 48.d6 Qe6  0-1

[Event "300 Years"]
[Site "St Petersburg RUS"]
[Date "2003.10.26"]
[Round "9"]
[White "Dobrov,V"]
[Black "Neverov,V"]
[Result "1-0"]
[WhiteElo "2492"]
[BlackElo "2550"]

1.d4 Nf6 2.c4 g6 3.Nc3 d5 4.cxd5 Nxd5 5.e4 Nxc3 6.bxc3 Bg7 7.Nf3 O-O 8.Rb1 c5
9.Be2 b6 10.O-O Bb7 11.d5 Bxc3 12.Qb3 Bg7 13.Bf4 Nd7 14.Rfe1 Nf6 15.Bc4 Nh5
16.Be3 Qc7 17.e5 e6 18.dxe6 Bxf3 19.exf7+ Kh8 20.e6 Bc6 21.Bg5 h6 22.Bh4 g5
23.Bxg5 b5 24.Bd5 c4 25.Qf3 Bxd5 26.Qxd5 Nf6 27.Qf5 hxg5 28.Qg6 Qe7 29.Re3 g4
30.Rxb5  1-0

[Event "18th Open"]
[Site "Le Touquet FRA"]
[Date "2003.10.27"]
[Round "2"]
[White "Guilbert,J"]
[Black "Demeestere,L"]
[Result "1-0"]
[WhiteElo "2100"]
[BlackElo "1934"]

1.d4 Nf6 2.c4 g6 3.Nc3 d5 4.cxd5 Nxd5 5.e4 Nxc3 6.bxc3 Bg7 7.Nf3 c5 8.Be3 Qa5
9.Qd2 Nc6 10.Rc1 O-O 11.d5 Ne5 12.Nxe5 Bxe5 13.f4 Bg7 14.c4 Qc7 15.Be2 Rd8
16.O-O e6 17.e5 exd5 18.cxd5 b6 19.d6 Qd7 20.Bf2 Qe8 21.Bf3 Rb8 22.Bh4 Be6
23.Bxd8 Rxd8 24.Bd5 f6 25.Rfe1 Qf7 26.Rcd1 Bh6 27.Bxe6 Qxe6 28.Qd5 Kf7 29.g3 Bf8
30.Qb7+ Kg8 31.Qxa7 fxe5 32.Rxe5 Qg4 33.Red5 Qe2 34.Qxb6 Qe3+ 35.Kg2 Qe2+
36.Kh3 Qe6+ 37.f5 gxf5 38.Qxc5 f4+ 39.g4 Rc8 40.Rg5+ Bg7 41.Qd5 Rc3+ 42.Kh4 Qxd5
43.Rdxd5 Rc2 44.Rxg7+ Kxg7 45.d7 h6 46.h3 Rc7 47.d8=Q  1-0

[Event "WYb16"]
[Site "Halkidiki GRE"]
[Date "2003.10.28"]
[Round "6"]
[White "Braun,A"]
[Black "Degtiarev,E"]
[Result "1-0"]
[WhiteElo "2440"]
[BlackElo "2284"]

1.d4 Nf6 2.c4 g6 3.Nc3 d5 4.cxd5 Nxd5 5.e4 Nxc3 6.bxc3 Bg7 7.Bc4 O-O 8.Ne2 Nc6
9.Be3 e5 10.Rc1 Na5 11.Bd3 c5 12.d5 c4 13.Bb1 Qd6 14.O-O b6 15.f4 Bg4 16.f5 gxf5
17.exf5 f6 18.Qd2 Bxe2 19.Qxe2 Rf7 20.Rcd1 Kf8 21.Qh5 Bh8 22.g4 Nb7 23.g5 fxg5
24.f6 e4 25.Bxg5 Qc5+ 26.Kh1 Nd6 27.Qg4 Ke8 28.Qe6+ Kd8 29.Bf4  1-0

[Event "ch-UKR"]
[Site "Simferopol UKR"]
[Date "2003.11.04"]
[Round "1"]
[White "Labensky,I"]
[Black "Ajrapetjan,Y"]
[Result "1/2-1/2"]
[WhiteElo "2462"]
[BlackElo "2271"]

1.d4 Nf6 2.c4 g6 3.Nc3 d5 4.cxd5 Nxd5 5.e4 Nxc3 6.bxc3 Bg7 7.Bc4 c5 8.Ne2 O-O
9.Be3 Nc6 10.O-O Bg4 11.f3 Na5 12.Bd3 cxd4 13.cxd4 Be6 14.Qa4 Bd7 15.Qb4 Nc6
16.Qd2 Be6 17.e5 Qd7 18.Rad1 Rfd8 19.Rfe1  1/2-1/2

[Event "ch-UKR w"]
[Site "Nikolaev UKR"]
[Date "2003.11.06"]
[Round "3"]
[White "Alexandrova,O"]
[Black "Dvoretska,O"]
[Result "1-0"]
[WhiteElo "2448"]
[BlackElo "2212"]

1.d4 Nf6 2.c4 g6 3.Nc3 d5 4.cxd5 Nxd5 5.e4 Nxc3 6.bxc3 Bg7 7.Bc4 c5 8.Ne2 O-O
9.O-O Nc6 10.Be3 Bd7 11.Rb1 Qc7 12.Bf4 e5 13.Bg3 cxd4 14.cxd4 Nxd4 15.Qxd4 Rfc8
16.Rbc1 exd4 17.Bxc7 Bc6 18.Bf4 Bxe4 19.Rfd1 Rd8 20.f3 Bc6 21.Rd2 Rac8 22.Rcd1 Bxf3
23.Bxf7+ Kxf7 24.gxf3 Rc4 25.Kf1 Rd5 26.Be3 Rf5 27.Nxd4 Bxd4 28.Bxd4 Rxf3+
29.Rf2 Rxf2+ 30.Bxf2 Ra4 31.Rd7+ Kg8 32.Rxb7 Rxa2 33.Rxa7 Rc2 34.Kg2 g5 35.Kg3 Rc4
36.Rd7 Re4 37.Rd4 Re7 38.Kg4 h6 39.Kh5 Re6 40.Bg3 Kg7 41.Rd6  1-0

[Event "ch-UKR"]
[Site "Simferopol UKR"]
[Date "2003.11.06"]
[Round "3"]
[White "Shishkin,Va"]
[Black "Areshchenko,A"]
[Result "1/2-1/2"]
[WhiteElo "2473"]
[BlackElo "2539"]

1.d4 Nf6 2.c4 g6 3.Nc3 d5 4.cxd5 Nxd5 5.e4 Nxc3 6.bxc3 Bg7 7.Nf3 c5 8.Bb5+ Nd7
9.a4 O-O 10.O-O a6 11.Bc4 Nf6 12.Qe2 Bg4 13.Rd1 b5 14.Bb3 c4 15.Bc2 Qc7 16.h3 Bxf3
17.Qxf3 e5  1/2-1/2

[Event "FSGM November"]
[Site "Budapest HUN"]
[Date "2003.11.07"]
[Round "7"]
[White "Kallio,H"]
[Black "Szeberenyi,A"]
[Result "1-0"]
[WhiteElo "2493"]
[BlackElo "2417"]

1.d4 Nf6 2.c4 g6 3.Nc3 d5 4.cxd5 Nxd5 5.e4 Nxc3 6.bxc3 Bg7 7.Bb5+ c6 8.Ba4 O-O
9.Ne2 c5 10.Rb1 Nc6 11.Be3 Na5 12.O-O Qc7 13.Qd3 Rd8 14.Bf4 e5 15.Bg5 f6
16.Bh4 Be6 17.d5 Bf7 18.c4 Rab8 19.Bg3 b6 20.f4 Nb7 21.Nc3 a6 22.fxe5 fxe5
23.Bd1 Nd6 24.a4 h5 25.Bh4 Rf8 26.Bg5 Qd7 27.Be2 Rb7 28.g4 Kh7 29.Rf2 Rg8
30.Qg3 Qe8 31.Kh1 Bh6 32.Bxh6 Kxh6 33.gxh5 gxh5 34.Rf6+ Rg6 35.Rg1 Kh7 36.Qh4 Rxg1+
37.Kxg1 Rd7 38.Qg5 Bg6 39.Kf1 Nc8 40.Bxh5 Rg7 41.Bg4 Ne7 42.Qh4+ Kg8 43.d6 Nc6
44.Be6+ Bf7 45.Rh6  1-0

[Event "ch-UKR"]
[Site "Simferopol UKR"]
[Date "2003.11.08"]
[Round "5"]
[White "Malakhatko,V"]
[Black "Shishkin,Va"]
[Result "1-0"]
[WhiteElo "2529"]
[BlackElo "2473"]

1.d4 Nf6 2.c4 g6 3.Nc3 d5 4.cxd5 Nxd5 5.e4 Nxc3 6.bxc3 Bg7 7.Nf3 c5 8.Rb1 O-O
9.Be2 Nc6 10.d5 Ne5 11.Nxe5 Bxe5 12.Qd2 b6 13.f4 Bg7 14.c4 e6 15.Bb2 Bxb2
16.Rxb2 exd5 17.cxd5 Qh4+ 18.g3 Qe7 19.e5 Bb7 20.O-O c4 21.Qd4 Rac8 22.d6 Qd7
23.Rc2 Rc5 24.Rxc4 Qc6 25.Kf2 Qg2+ 26.Ke1 Ba6 27.Qe4 Qxh2 28.Rxc5 Qxg3+ 29.Kd2 Bxe2
30.Rc3 Qxc3+ 31.Kxc3 Bxf1 32.e6  1-0

[Event "TCh-AUT B Mitte 2003-4"]
[Site "St Veit AUT"]
[Date "2003.11.08"]
[Round "1"]
[White "Kreisl,R"]
[Black "Stadler,P"]
[Result "1/2-1/2"]
[WhiteElo "2166"]
[BlackElo "2180"]

1.d4 Nf6 2.c4 g6 3.Nc3 d5 4.cxd5 Nxd5 5.e4 Nxc3 6.bxc3 Bg7 7.Bc4 O-O 8.Ne2 c5
9.Be3 Nc6 10.O-O Qc7 11.Rc1 Rd8 12.d5 a6 13.Bd3 Ne5 14.c4 Nxd3 15.Qxd3 f5
16.f3 Be5 17.f4 fxe4 18.Qxe4 Bg7 19.Ng3 Rf8 20.f5 gxf5 21.Nxf5 Bxf5 22.Rxf5 Rxf5
23.Qxf5 Qd6 24.Rb1 b5 25.cxb5 axb5 26.Rxb5 Rxa2 27.Rxc5 Qf6 28.Qxf6  1/2-1/2

[Event "7th BayEM"]
[Site "Bad Wiessee GER"]
[Date "2003.11.09"]
[Round "2"]
[White "Stern,R"]
[Black "Mueller,Ra2"]
[Result "1-0"]
[WhiteElo "2484"]
[BlackElo "2162"]

1.d4 Nf6 2.c4 g6 3.Nc3 d5 4.cxd5 Nxd5 5.e4 Nxc3 6.bxc3 Bg7 7.Bc4 c5 8.Ne2 O-O
9.O-O cxd4 10.cxd4 Nc6 11.Be3 Bg4 12.f3 Na5 13.Bxf7+ Rxf7 14.fxg4 Rxf1+ 15.Kxf1 Qd7
16.g5 Qe6 17.Qd3 Nc4 18.Bf4 Rf8 19.g3 b5 20.Kg2 a6 21.Rb1 Qd7 22.Rd1 e6 23.Bc1 Rd8
24.d5 exd5 25.Qxd5+ Qxd5 26.exd5 Bb2 27.Nf4 Bxc1 28.Rxc1 Kf7 29.Kf3 Rc8 30.Re1 Nd6
31.Re6 Rd8 32.h4 a5 33.h5 Nf5 34.hxg6+ hxg6 35.Rxg6 Rd6 36.Rxd6 Nxd6 37.Nd3 Kg6
38.Kf4 b4 39.Ne5+ Kg7 40.Nc6 Nc4 41.Kf5  1-0

[Event "1st GM"]
[Site "Nagykanizsa HUN"]
[Date "2003.11.09"]
[Round "5"]
[White "Farago,I"]
[Black "Flumbort,A"]
[Result "1/2-1/2"]
[WhiteElo "2485"]
[BlackElo "2467"]

1.d4 Nf6 2.c4 g6 3.Nc3 d5 4.cxd5 Nxd5 5.e4 Nxc3 6.bxc3 Bg7 7.Bc4 c5 8.Ne2 Nc6
9.Be3 O-O 10.O-O Bg4 11.f3 Na5 12.Bxf7+ Rxf7 13.fxg4 Rxf1+ 14.Kxf1 cxd4 15.cxd4 e5
16.Kg1 Rc8 17.Rb1 Nc4 18.Bf2 b6 19.Rc1 Qd7 20.h3 exd4 21.Nxd4 b5 22.Nf3 Qxd1+
23.Rxd1 a5 24.Rd7 b4 25.Ra7 Re8 26.Bg3 Rxe4 27.Ra8+ Bf8 28.Bf2 Rf4 29.Nd4 Re4
30.Nc6 Kf7 31.Nxa5 Nxa5 32.Rxa5 Be7 33.Bc5 Bxc5+ 34.Rxc5 Re2 35.Rc7+ Kg8
36.Ra7 g5 37.Kh2 Rb2 38.h4 gxh4 39.Kh3 b3 40.axb3 Rxb3+ 41.Kxh4 Rb2 42.g3 Rh2+
43.Kg5 Rg2 44.Ra3 Rf2 45.Ra6 Kg7 46.Rb6 Rf1 47.Rb7+  1/2-1/2

[Event "ch-UKR"]
[Site "Simferopol UKR"]
[Date "2003.11.09"]
[Round "6"]
[White "Truskavetsky,A"]
[Black "Shishkin,Va"]
[Result "1-0"]
[WhiteElo "2364"]
[BlackElo "2473"]

1.d4 Nf6 2.c4 g6 3.Nc3 d5 4.cxd5 Nxd5 5.e4 Nxc3 6.bxc3 Bg7 7.Bc4 b6 8.Qf3 O-O
9.e5 Ba6 10.Bd5 c6 11.Bb3 Qc7 12.Ne2 Bb7 13.h4 c5 14.Qg3 cxd4 15.cxd4 Nc6
16.h5 Nxd4 17.Nxd4 Qxe5+ 18.Qxe5 Bxe5 19.Be3 Rfd8 20.Rd1 Bxg2 21.Rg1 Bd5
22.hxg6 hxg6 23.Nc6 Bxc6 24.Rxg6+ Kh7 25.Rxc6 Rxd1+ 26.Kxd1 Rd8+ 27.Ke2 e6
28.f4 Bd6 29.Rc1 Kg6 30.Rg1+ Kf6 31.Kf3 Bc5 32.Bxc5 bxc5 33.Rc1 Rc8 34.Ke4 Rc7
35.Rc3 Rc8 36.Bc4 Ke7 37.f5  1-0

[Event "ch-UKR"]
[Site "Simferopol UKR"]
[Date "2003.11.09"]
[Round "6"]
[White "Kobylkin,E"]
[Black "Kovalev,De"]
[Result "1/2-1/2"]
[WhiteElo "2443"]
[BlackElo "2330"]

1.d4 Nf6 2.c4 g6 3.Nc3 d5 4.cxd5 Nxd5 5.e4 Nxc3 6.bxc3 Bg7 7.Nf3 c5 8.Rb1 O-O
9.Be2 b6 10.O-O Bb7 11.Qd3 Ba6 12.Qe3 Bxe2 13.Qxe2 e6 14.Bg5 Qd7 15.Rfd1 cxd4
16.cxd4 Re8 17.Ne5 Qb7 18.Ng4 Nd7 19.Nh6+ Bxh6 20.Bxh6 Rac8 21.Rb3 Qc6 22.h4 e5
23.Rbd3 Qe6 24.f3 f5 25.dxe5 Nxe5 26.exf5 Qc4 27.Qb2 Qxh4 28.f4 Qxh6 29.fxe5 Qf4
30.f6 Qxe5 31.Qxe5 Rxe5 32.Rd7 Rf8 33.Rg7+ Kh8 34.Rxa7 Rf5 35.Rdd7 R8xf6
36.Rxh7+ Kg8 37.Rag7+ Kf8 38.Rb7 Kg8 39.Rhg7+ Kf8 40.Rgc7 Rf7 41.Rc8+ Kg7
42.Rxb6 Ra7 43.Rcc6 Rg5 44.Ra6 Rxa6 45.Rxa6 Rc5 46.Kh2 Kh6 47.a4 Rc4 48.Ra7 Kg5
49.Kh3 Rh4+ 50.Kg3 Rg4+ 51.Kf3 Rf4+ 52.Ke3 Rb4 53.Kf3 Rb3+ 54.Kf2 Rb2+ 55.Kg3 Rb3+
56.Kh2 Ra3 57.g3 Ra1 58.Kg2 Kf5  1/2-1/2

[Event "TCh-SWE 2003-4"]
[Site "Malmo SWE"]
[Date "2003.11.10"]
[Round "2"]
[White "Hellsten,J"]
[Black "Akesson,R"]
[Result "1/2-1/2"]
[WhiteElo "2534"]
[BlackElo "2431"]

1.d4 Nf6 2.c4 g6 3.Nc3 d5 4.cxd5 Nxd5 5.e4 Nxc3 6.bxc3 Bg7 7.Bb5+ c6 8.Ba4 O-O
9.Ne2 c5 10.O-O Nc6 11.Be3 Na5 12.Rb1 cxd4 13.cxd4 b6 14.Qd3 Bd7 15.Bb5 Bxb5
16.Qxb5 Rc8 17.Rfc1 e6 18.d5 exd5 19.exd5 Qd6 20.a4 Rxc1+ 21.Rxc1 Rd8 22.Rd1 Qc6
23.Bf4 Qxb5 24.axb5 Nc4 25.d6 Rd7 26.Nd4 Nb2 27.Rd2 Nc4 28.Rd1 Nb2  1/2-1/2

[Event "TCh-SWE 2003-4"]
[Site "Malmo SWE"]
[Date "2003.11.11"]
[Round "3"]
[White "Akesson,R"]
[Black "Carlhammar,M"]
[Result "1/2-1/2"]
[WhiteElo "2431"]
[BlackElo "2267"]

1.d4 Nf6 2.c4 g6 3.Nc3 d5 4.cxd5 Nxd5 5.e4 Nxc3 6.bxc3 Bg7 7.Be3 c5 8.Qd2 Qa5
9.Rb1 a6 10.Rc1 cxd4 11.cxd4 Qxd2+ 12.Kxd2 O-O 13.Nf3 e6 14.Bd3 Nc6 15.Rc4 Bd7
16.Rhc1 Rfc8 17.d5 exd5 18.exd5 Ne5 19.Nxe5 Bxe5 20.Bb6 Rxc4 21.Rxc4 Rc8
22.Rxc8+ Bxc8 23.Ke3 Kf8 24.f4 Bd6 25.g3  1/2-1/2

[Event "ch-UKR"]
[Site "Simferopol UKR"]
[Date "2003.11.11"]
[Round "8"]
[White "Kobylkin,E"]
[Black "Eljanov,P"]
[Result "1/2-1/2"]
[WhiteElo "2443"]
[BlackElo "2597"]

1.d4 Nf6 2.c4 g6 3.Nc3 d5 4.cxd5 Nxd5 5.e4 Nxc3 6.bxc3 Bg7 7.Nf3 c5 8.Rb1 O-O
9.Be2 b6 10.O-O Bb7 11.Qd3 Qc7 12.d5 Nd7 13.c4 e6 14.dxe6 fxe6 15.Ng5 Rfe8
16.Bb2 Rad8 17.Bxg7 Kxg7 18.Bg4 Nf8 19.Qc3+ Kg8 20.Qf6 Qg7 21.Qxg7+ Kxg7
22.Rbd1 h6 23.Nxe6+ Nxe6 24.Bxe6 Bxe4 25.Bd7 Re7 26.Bb5 Rxd1 27.Rxd1 Bc2
28.Rc1 Bf5 29.h3 Re2 30.a4 Kf6 31.a5 Ke5 32.axb6 axb6 33.Rd1 Be6 34.Rd8 h5
35.Rb8 Rb2 36.Re8 Kf6 37.Rb8 Kg5 38.Re8 Bf5 39.Rd8 Rb1+ 40.Kh2 Re1 41.Rb8 Re6
42.Kg3 h4+ 43.Kh2 Kf4 44.Rh8 g5 45.g3+ hxg3+ 46.fxg3+ Kf3 47.Rf8 Re2+ 48.Kg1 Re1+
49.Kh2 Re2+  1/2-1/2

[Event "1st Chesspangenberg Open"]
[Site "Buenos Aires ARG"]
[Date "2003.11.12"]
[Round "8"]
[White "Echeguren,G"]
[Black "Godoy,C"]
[Result "1/2-1/2"]
[WhiteElo "2091"]
[BlackElo "2212"]

1.d4 Nf6 2.c4 g6 3.Nc3 d5 4.cxd5 Nxd5 5.e4 Nxc3 6.bxc3 Bg7 7.Bc4 c5 8.Ne2 O-O
9.O-O Nc6 10.Be3 Qc7 11.Rc1 Rd8 12.d5 Na5 13.Bd3 e5 14.c4 b6 15.f4 Bg4 16.Qd2 Bxe2
17.Bxe2 exf4 18.Bxf4 Be5 19.Bxe5 Qxe5 20.Qf4 Qxf4 21.Rxf4 Re8 22.Bd3 Nb7
23.Rf6 Rad8 24.Rc6 Rd7 25.Re1 Kg7 26.e5 Na5 27.Rf6 Rxe5 28.Rxg6+ hxg6 29.Rxe5 Kf6
30.Re2 Re7 31.Rxe7 Kxe7 32.Kf2 Kf6 33.Ke3 Nb7  1/2-1/2

[Event "ch-IND A Women"]
[Site "Calicut IND"]
[Date "2003.11.12"]
[Round "6"]
[White "Mohota,N"]
[Black "Gokhale,A"]
[Result "1-0"]
[WhiteElo "2299"]
[BlackElo "2217"]

1.d4 Nf6 2.c4 g6 3.Nc3 d5 4.cxd5 Nxd5 5.e4 Nxc3 6.bxc3 Bg7 7.Nf3 c5 8.Bb5+ Nc6
9.O-O cxd4 10.cxd4 O-O 11.Be3 Bg4 12.Bxc6 bxc6 13.Rc1 Qa5 14.Rxc6 Qxa2 15.Rc7 f5
16.e5 Rad8 17.Rxe7 f4 18.Bc1 Bxf3 19.Qxf3 Rxd4 20.Qb7 Bh8 21.Rxh7 Qd5 22.e6 Qxb7
23.Rxb7 Re4 24.e7 Re8 25.Rxa7 g5 26.g3 fxg3 27.hxg3 Bf6 28.Rd1 R8xe7 29.Rxe7 Bxe7
30.Kg2 Kf7 31.Be3 Ke6 32.Kf3 Ra4 33.Re1 g4+ 34.Kg2 Kf5 35.Rb1 Bf6 36.Rb5+ Ke4
37.Rh5 Ra2 38.Rh7 Ra4 39.Rf7 Ra6 40.Rf8 Rc6 41.Ra8 Rc4 42.Ra6 Kf5 43.Kf1 Rc2
44.Ra5+ Kg6 45.Ra4 Kh5 46.Ra6 Bg7 47.Ra5+ Kg6 48.Rg5+  1-0

[Event "7th BayEM"]
[Site "Bad Wiessee GER"]
[Date "2003.11.14"]
[Round "7"]
[White "Khenkin,I"]
[Black "Seel,C"]
[Result "1-0"]
[WhiteElo "2627"]
[BlackElo "2315"]

1.d4 Nf6 2.c4 g6 3.Nc3 d5 4.cxd5 Nxd5 5.e4 Nxc3 6.bxc3 Bg7 7.Be3 c5 8.Qd2 Qa5
9.Nf3 Nc6 10.Rb1 a6 11.Rc1 cxd4 12.cxd4 Qxd2+ 13.Kxd2 e6 14.Bd3 O-O 15.Rc4 f5
16.g3 Bd7 17.Rhc1 Rfc8 18.d5 exd5 19.exd5 Ne5 20.Nxe5 Bxe5 21.Bb6 Rxc4 22.Bxc4 Bd6
23.Bc7 Bxc7 24.d6+ Kf8 25.dxc7 Ke7 26.Bd5 Bc8 27.Ke3 Kd6 28.Kd4 Ra7 29.Bg8 h6
30.Bh7 g5 31.Bxf5 Bxf5 32.c8=Q Bxc8 33.Rxc8 Ke6 34.Rh8 Kf5 35.Rxh6 Ra8 36.h3 Rd8+
37.Ke3 Rc8 38.Kf3 Rc3+ 39.Kg2 Ra3 40.g4+ Ke4 41.Re6+ Kf4 42.Rb6 Rxa2 43.Rxb7 Ra5
44.Rf7+ Ke4 45.Rf6 Kd4 46.Kg3 Ra3+ 47.f3 Ra5 48.h4 gxh4+ 49.Kxh4 Ke3 50.g5 Ra1
51.g6 a5 52.Kg5 a4 53.g7 a3 54.Ra6 Kxf3 55.Kf6 Rg1 56.Rxa3+ Kf4 57.Ra8  1-0

[Event "7th BayEM"]
[Site "Bad Wiessee GER"]
[Date "2003.11.16"]
[Round "9"]
[White "Abeln,M"]
[Black "Seel,C"]
[Result "0-1"]
[WhiteElo "2288"]
[BlackElo "2315"]

1.d4 Nf6 2.c4 g6 3.Nc3 d5 4.cxd5 Nxd5 5.e4 Nxc3 6.bxc3 Bg7 7.Ba3 Nd7 8.Nf3 c5
9.Qb3 Qa5 10.Rd1 O-O 11.Be2 b6 12.O-O Bb7 13.e5 e6 14.Nd2 Bd5 15.Bc4 Bc6
16.Qb2 Rfc8 17.Rfe1 b5 18.Bd3 Bf8 19.dxc5 Nxc5 20.Bxc5 Bxc5 21.Be4 Qb6 22.Re2 Rd8
23.Bxc6 Qxc6 24.Rb1 Rd5 25.Qc1 Rad8 26.Ne4 Be7 27.Qf4 Qc7 28.Ng3 Rd1+ 29.Re1 Rxe1+
30.Rxe1 Qxc3 31.Rc1 Qd2 32.Qxd2 Rxd2 33.Rc7 Ba3 34.f4 Rxa2 35.Ne4 Ra1+ 36.Kf2 Rc1
37.Rxa7 Bc5+ 38.Nxc5 Rxc5 39.Rb7 g5 40.g3 g4 41.h3 gxh3 42.Kg1 Rc2 43.Rxb5 Rg2+
44.Kh1 Rxg3  0-1